| 000 | 00492nam a2200169 i 4500 | ||
|---|---|---|---|
| 001 | 101108 | ||
| 003 | ES-MaACL | ||
| 005 | 20250829062539.0 | ||
| 007 | t| | ||
| 008 | 051013s1932 fr ||||1| fre d | ||
| 100 | 1 |
_aMaurois, André, _d1885-1967 _979267 |
|
| 245 | 1 | 3 |
_aLe cercle de famille _b: roman / _cAndré Maurois, [seud.] de Emile Herzog. |
| 260 |
_aParis : _bBernard Grasset, _c1932. |
||
| 300 |
_a340 p. ; _c19 cm. |
||
| 852 |
_aES-MaACL _jA-667 _bR.10555 |
||
| 999 |
_c101108 _d101108 |
||